| 000 | 00544nam a2200181 a 4500 | ||
|---|---|---|---|
| 005 | 20230223063533.0 | ||
| 008 | 060426s2004 mx r 000 0 spa d | ||
| 020 | _a9701038231 | ||
| 035 | _aUPN01000143918 | ||
| 049 | _aCG | ||
| 050 | 4 |
_aHD30.4 _bA3.5 |
|
| 245 | 0 | 0 |
_aAdministración / _cRaymundo Javier Benavides Pañeda ... [et al.]. |
| 260 |
_aMéxico : _bMcGraw-Hill, _cc2004. |
||
| 300 | _axv, 354 p. | ||
| 650 | 2 |
_aAdministración _xEstudio y enseñanza _9423 |
|
| 700 | 1 |
_aBenavides Pañeda, Raymundo Javier, _ecoaut. |
|
| 905 | _aLibro | ||
| 999 |
_c116065 _d116065 |
||